Регионална библиотека "Любен Каравелов" - Русе

Български клавирни миниатюри (Запис номер 321299)

MARC детайли
000 -Лидер
Контролно поле с фиксирана дължина 01525ncm a2200385 c 4500
003 - Код на организацията, давaща контролен номер
Контролно поле BLK
005 - Дата и час на последна редакция
Контролно поле 20190226140830.0
008 - Елементи от данни с фиксирана дължина
fixed length control field 180414b bul |a|er|||| |0| c|bulo|
010 ## - Наследен системен номер
LC control number NOT00003901000
040 ## - Източник на каталожния запис
Идентификатор на билиотеката - собственик на записа BLK
041 ## - Код за език
Код за езика на текст/звукозапис или на отделно заглавие Български
Код за езика КДБФ Български
080 ## - УДК
Текстов определител УДК Музика за пиано
УДК код - определител по УДК 786.2
УДК определител
УДК - код + определител 786.2
139 ## - Редно поле
Редна дума Български клавирни миниатюри
Авторски знак Бъл - Б 92
245 10 - Сведения за заглавието
Заглавие Български клавирни миниатюри
Подзаглавни данни Ч. 1 -
Редно поле (дума) състав. Тодор Кювлиев.
Том Ч. 2
254 ## - Сведения за формата на нотното издание
Формат на описваните ноти Клавир
257 ## - Страна на издаване
Страна на създаване/издаване България
260 ## - Област на издателските данни
-- София
Име на издателя, разпространителя и проч. Музика
Година на издаване 1982 -
300 ## - Физическа характеристика
Размери/Мащаб 33 см
380 ## - Жанр
Жанр Изкуство
505 ## - Форматирана забележка
Авторската отговорност Николай Иванов Стойков.
Заглавие Листа от албума
505 ## - Форматирана забележка
Авторската отговорност Здравко Христов Манолов.
Заглавие Токата за лява ръка
505 ## - Форматирана забележка
Авторската отговорност Александър Иванов Райчев.
Заглавие Прелюд
505 ## - Форматирана забележка
Авторската отговорност Милчо Исак Левиев.
Заглавие Осем двугласни инвенции
505 ## - Форматирана забележка
Авторската отговорност Емил Василев Мирчев.
Заглавие Интродукция и варианти
650 #4 - Допълнително описание по предмет – тема
Основно описание – тема или топоним Пиано - пиеси
9 (RLIN) 291568
653 ## - Ключова дума – ненормативна
Ключова дума пиеси за пиано
653 ## - Ключова дума – ненормативна
Ключова дума миниатюри
700 1# - Други автори (авторска отговорност)
Лично име Кювлиев, Тодор
Автороска отговорност (Описва отношението между автора и произведението) състав.
9 (RLIN) 363174
760 1# - Описание на основната серия
Поясняваща информация 36 с.
Място на издаване, издател и година 1987
Страници - том 36 с.
Заглавие Ч. 2
852 ## - Местоположение
Форматна сигнатура Цб М ІІ 10342
Част 5
856 4# - Електронен адрес и достъп
Електронен формат pdf - файл
Път до файла /url/
856 4# - Електронен адрес и достъп
Електронен формат pdf - файл
Път до файла /url/
942 ## - АРТИКУЛИ
Вид на библиотечния материал Нотни издания
Скрит в OPAC Не
Koha issues (borrowed), all copies 1
944 ## - СЪЗДАВАНЕ И РЕДАКЦИЯ на ЗАПИСА
Създаване/Редакция Създаване
Дата на регистрацията/редакция 22.12.2016
Служител, извършил регистрацията/редакцията Камелия_Данева
944 ## - СЪЗДАВАНЕ И РЕДАКЦИЯ на ЗАПИСА
Създаване/Редакция Редакция
Дата на регистрацията/редакция 22.12.2016
Служител, извършил регистрацията/редакцията Камелия_Данева
999 ## - СИСТЕМНИ КОНТРОЛНИ НОМЕРА
Koha biblionumber 321299
Koha biblioitemnumber 321299
Наличности
Код за отписване Код за изгубен артикул Източник на класификационната схема Код за повреда Коз за рестрикции Код за отдаване Артикулен № Име на библиотеката - собственик Име на библиотеката, в която се намира в момента Статус (Текущо местоположение) Дата на вписване в системата Местоположение - отдел Цена в лева Инвентарен номер Систематично азбучна сигнатура Баркод Номер на екземпляра Цена в евро Служебна бележка Служебен тип на артикула
  Не е изгубен Universal Decimal Classification Не е повреден само за читалня ползва се в читалня 674795 Регионална библиотека "Любен Каравелов" Русе Регионална библиотека "Любен Каравелов" Русе Хранилище 1987-01-01 Хранилище 2.17 474121 Цб М ІІ 10342 900000022839 1 1.11 Дост: Dp Вид: Д N: стар фонд Дата: 01.01.1987 Бележки инв: Камелия_Да Съставил: Камелия_Данева Нотни издания
  Не е изгубен Universal Decimal Classification Не е повреден без рестрикции заемане за дома 674796 Регионална библиотека "Любен Каравелов" Русе Регионална библиотека "Любен Каравелов" Русе Отдел Изкуство - подръчен фонд 1987-01-01 Отдел Изкуство - подръчен фонд 2.17 487381 786.2/Б 92 120000487381 2 1.11 Дост: Pk Вид: Ф N: стар фонд Дата: 01.01.1987 Бележки инв: Камелия_Да Съставил: Камелия_Данева Нотни издания
  Не е изгубен Universal Decimal Classification Не е повреден без рестрикции заемане за дома 674797 Регионална библиотека "Любен Каравелов" Русе Регионална библиотека "Любен Каравелов" Русе Отдел Изкуство - подръчен фонд 1987-01-01 Отдел Изкуство - подръчен фонд 2.17 487380 786.2/Б 92 120000487380 3 1.11 Дост: Pk Вид: Ф N: стар фонд Дата: 01.01.1987 Бележки инв: Камелия_Да Съставил: Камелия_Данева Нотни издания
Vip Innovations Ltd, Rousse, Bulgaria 2025